Khalam annhoih lakkhawm (Record no. 10022)

MARC details
000 -LEADER
fixed length control field 00421nam a22001697a 4500
003 - CONTROL NUMBER IDENTIFIER
control field GBCCL
005 - DATE AND TIME OF LATEST TRANSACTION
control field 20241126110723.0
008 - FIXED-LENGTH DATA ELEMENTS--GENERAL INFORMATION
fixed length control field 240205b ||||| |||| 00| 0 eng d
040 ## - CATALOGING SOURCE
Transcribing agency gbc
082 ## - DEWEY DECIMAL CLASSIFICATION NUMBER
Classification number VER 248
Item number KHA
100 ## - MAIN ENTRY--PERSONAL NAME
Personal name Khaizakham, Kh
9 (RLIN) 8513
245 ## - TITLE STATEMENT
Title Khalam annhoih lakkhawm
260 ## - PUBLICATION, DISTRIBUTION, ETC.
Place of publication, distribution, etc. Imphal :
Name of publisher, distributor, etc. N Zatawn & family,
Date of publication, distribution, etc. 2021
300 ## - PHYSICAL DESCRIPTION
Extent 198p. ;
650 ## - SUBJECT ADDED ENTRY--TOPICAL TERM
Topical term or geographic name entry element Christian life
9 (RLIN) 183
942 ## - ADDED ENTRY ELEMENTS (KOHA)
Source of classification or shelving scheme Dewey Decimal Classification
Koha item type Books
Koha issues (borrowed), all copies 2
Holdings
Withdrawn status Lost status Source of classification or shelving scheme Damaged status Not for loan Home library Current Library Shelving location Date acquired Total checkouts Full call number Barcode Date last seen Date last checked out Copy number Price effective from Koha item type
    Dewey Decimal Classification     GRACE BIBLE COLLEGE GRACE BIBLE COLLEGE Vernacular 2024-02-05 5 VER 248 KHA 020694 2025-05-01 2025-04-15 c.1 2024-02-05 Books
© Grace Bible College Library 2025